000 00316nam a22001337a 4500
008 170614b xxu||||| |||| 00| 0 eng d
020 _a9780820561141
041 _aeng
080 _25TH
_a32
100 _a19
101 _aSHP
245 _aEFFECTIVE LEGAL NEGOTATION AND SETTLEMENT
_cCRAVER,CH.B
942 _2udc
_cBK
999 _c17360
_d17360